书目信息 |
| 题名: |
五点三十分, 十字路口
|
|
| 作者: | 林栋 编 | |
| 分册: | ||
| 出版信息: | 北京 华夏出版社 2004.08 |
|
| 页数: | 292页, [1] 叶图版 | |
| 开本: | 21cm | |
| 丛书名: | “木糖醇”青春文字系列 | |
| 单 册: | ||
| 中图分类: | I247.7 | |
| 科图分类: | ||
| 主题词: | 短篇小说--中国--当代--作品集 | |
| 电子资源: | ||
| ISBN: | 7-5080-3579-8 | |
| 000 | 00926nam 2200253 4500 | |
| 001 | 192004003335 | |
| 005 | 20070914150428.48 | |
| 010 | @a7-5080-3579-8@dCNY20.00 | |
| 100 | @a20070602d2004 ekmy0chiy0121 ea | |
| 101 | 0 | @achi |
| 102 | @aCN@b110000 | |
| 105 | @aaf z 000ay | |
| 200 | 1 | @a五点三十分, 十字路口@Awu dian san shi fen, shi zi lu kou@f林栋编 |
| 210 | @a北京@c华夏出版社@d2004.08 | |
| 215 | @a292页, [1] 叶图版@c图@d21cm | |
| 225 | 2 | @a“木糖醇”青春文字系列@A“ mu tang chun” qing chun wen zi ji lie |
| 312 | @a封面题名: 5:30十字路口 | |
| 330 | @a本书是一本关于青春、爱情和人生的短篇小说,全书内容包括爱情出租铺、不要再伤心、窗帘的秘密、爱上雨季、白色天使、绑架、包裹、纯吃茶女孩、丹提情人、冬情纪事、便条纸等。 | |
| 410 | 0 | @12001 @a木糖醇青春文字系列 |
| 606 | 0 | @a短篇小说@y中国@z当代@j作品集 |
| 690 | @aI247.7@v4 | |
| 701 | 0 | @a林栋@Alin dong@4编 |
| 801 | 0 | @aCN@c20070914 |
| 905 | @dI247.7@eL492 | |
| 五点三十分, 十字路口/林栋编.-北京:华夏出版社,2004.08 |
| 292页, [1] 叶图版:图;21cm.-(“木糖醇”青春文字系列) |
| ISBN 7-5080-3579-8:CNY20.00 |
| 本书是一本关于青春、爱情和人生的短篇小说,全书内容包括爱情出租铺、不要再伤心、窗帘的秘密、爱上雨季、白色天使、绑架、包裹、纯吃茶女孩、丹提情人、冬情纪事、便条纸等。 |
| ● |
| 相关链接 |
|
|
|
正题名:五点三十分, 十字路口
索取号:I247.7/L492
 
预约/预借
| 序号 | 登录号 | 条形码 | 馆藏地/架位号 | 状态 | 备注 |
| 1 | 625222 | 206252222 | 文学库108/ [索取号:I247.7/L492] | 在馆 | |
| 2 | 625223 | 206252231 | 自科二线404/108文学库 60排3列2层/ [索取号:I247.7/L492] | 在馆 |